| 000 | 00340nam a2200145Ia 4500 | ||
|---|---|---|---|
| 008 | 230917s9999||||xx |||||||||||||| ||und|| | ||
| 040 |
_e50416 _aMAIN |
||
| 041 | _aEnglish | ||
| 082 | _a782.1092 A75I | ||
| 100 | _aAdorno, Theodor | ||
| 245 | 0 | _aIn search of Wagner | |
| 260 |
_aManchester _bNLB _c1981 |
||
| 300 | _a159 p. | ||
| 942 | _cBK | ||
| 999 |
_c225315 _d225315 |
||